Statistics for Richest Eastern European Countries

Click here to take the quiz!

General Stats

  • This quiz has been taken 38 times
    (37 since last reset)
  • The average score is 9 of 10

Answer Stats

USDCountry% Correct
$40,420Poland
100%
$34,108Croatia
97%
$39,892Hungary
97%
$46,856Czech Republic
91%
$45,058Estonia
91%
$37,015Latvia
91%
$44,907Lithuania
91%
$38,435Slovakia
91%
$36,477Romania
88%
$46,285Slovenia
88%

Score Distribution

Percentile by Number Answered

Percent of People with Each Score

Your Score History

You have not taken this quiz since the last reset